| 000 | 03704cam a2200373 a 4500 | ||
|---|---|---|---|
| 001 | 16471117 | ||
| 005 | 20170105102924.0 | ||
| 008 | 100922s2011 enk b 001 0 eng | ||
| 010 | _a 2010040392 | ||
| 020 | _a9780415550888 (hbk. alk. paper) | ||
| 020 | _a0415550882 (hbk. alk. paper) | ||
| 020 | _a9780203828090 (ebk) | ||
| 020 | _a0203828097 (ebk) | ||
| 035 | _a(OCoLC)ocn426810516 | ||
| 040 |
_aDLC _cDLC _dYDX _dBTCTA _dYDXCP _dBWK _dDLC |
||
| 042 | _apcc | ||
| 050 | 0 | 0 |
_aKZ4850 _b.I5853 2011 |
| 082 | 0 | 0 |
_a341.2 _222 |
| 245 | 0 | 0 |
_aInternational organizations and the idea of autonomy : _binstitutional independence in the international legal order / _cedited by Richard Collins and Nigel D. White. |
| 260 |
_aAbingdon, Oxon ; _aNew York : _bRoutledge, _c2011. |
||
| 300 |
_axviii, 445 p. ; _c25 cm. |
||
| 490 | 1 | _aRoutledge research in international law | |
| 504 | _aIncludes bibliographical references (p. [398]-430) and index. | ||
| 505 | 0 | 0 | _aInternational organizations and the idea of autonomy : introduction and overview / Richard Collins and Nigel D. White -- Modernist-positivism and the problem of institutional autonomy in international law / Richard Collins -- Autonomy in Kant's philosophy of international law / Patrick Capps -- The multifaceted concept of the autonomy of international organizations and international legal discourse / Jean d'Aspremont -- Policy autonomy of intergovernmental organizations : a challenge to international relations theory? / Bob Reinalda and Bertjan Verbeek -- The idea of autonomy : accountability, self-determinism and what normative claims about institutional autonomy in global governance should mean / Garrett W. Brown -- Autonomy, constitutionalism, and virtue in international institutional law / Jan Klabbers -- The emergence of international agencies in the global administrative space : autonomous actors or state servants? / Ramses A. Wessel and Edoardo Chiti -- International adjudication and autonomy / John Merrills -- Sanctions and countermeasures by international organizations : diverging lessons for the idea of autonomy / Frederic Dopagne. |
| 505 | 0 | 0 | _aThe relationship between international legal personality and institutional autonomy / Tarcisio Gazzini -- Powers of organizations and the many faces of autonomy / Viljam Engstrom -- Managerial accountability : what impact on international organizations' autonomy? / Jan Wouters, Nicholas Hachez and Pierre Schmidt -- Autonomy, attribution and accountability : reflections on the Behrami case / Aurel Sari -- Immunity as a guarantee for institutional autonomy : a functional perspective on the necessity of UN immunity in post-conflict administrations / Eric De Brabandere -- Layers of autonomy in the UN system / Nigel D. White -- Regional arrangements and the UN legal order / Richard Burchill -- Conceptualizing the autonomy of the European Union / Nicholas Tsagourias -- Institutional balances, competences and restraints : the EU as an autonomous foreign policy actor / Paul James Cardwell -- Autonomy in international environmental law and governance : a case study of the actual (somewhere between the fable and the threat) / Duncan French -- Future imperfect : institutional autonomy and the WTO / Mary E. Footer. |
| 650 | 0 | _aInternational agencies. | |
| 650 | 0 | _aAutonomy. | |
| 700 | 1 |
_aCollins, Richard, _d1979- |
|
| 700 | 1 |
_aWhite, N. D., _d1961- |
|
| 830 | 0 | _aRoutledge research in international law. | |
| 906 |
_a7 _bcbc _corignew _d1 _eecip _f20 _gy-gencatlg |
||
| 942 |
_2ddc _cBK |
||
| 999 |
_c15715 _d15715 |
||